00583nam a2200193Ia 4500008004100000020000700041082001400048100002000062245003200082250000700114260004100121300002500162500000700187600003300194650001300227942000700240952012700247999001500374240925s9999 xx 000 0 und d aNA a297.7 NAD aNadwi Hasan Ali 0aSpeaking Planly to The West aNA aKarachi:bPakistan Law Housec,1987. a1472p.bNAfOriginal aNA aHumanities & Natural Science aReligion cBK 001040708HUMaUITUbUITUd1998-02-24eBAIT - ul -Qurang20.00l0o297.7 NADpQ1388r2024-09-25 07:12:25w2024-09-25yBK c3887d3887